Formação do Homem (Registo nº 680)
[ vista simples ]
| 000 -Etiqueta do registo | |
|---|---|
| Valores | 00519nam a22001691i 4500 |
| 090 ## - | |
| -- | 680 |
| 100 ## - Dados gerais de processamento | |
| Dados gerais | 20170304u u u0frey50 ba |
| 200 1# - Titulo e menção de responsabilidade | |
| Primeira menção de responsabilidade | Maria Montessori |
| Título próprio | Formação do Homem |
| 215 ## - Descrição física | |
| Paginação / Volumes | 90p |
| Dimensões | '21 cm' |
| 210 ## - Publicação | |
| Nome do editor | Portugália |
| Local de publicação | Queluz |
| Data de publicação | [s.d] |
| 225 2# - Colecção | |
| Título próprio da colecção | Pedagogia |
| 410 #0 - | |
| -- | Pedagogia |
| 700 #1 - Autor principal (pessoa individual) | |
| Apelido | Montessori |
| Nome | Maria |
| -- | 070 |
| 701 #1 - Co-autor principal (pessoa individual) | |
| Apelido | Arroxelas |
| Nome | Eunice |
| -- | 730 |
| 996 ## - ISO2709 | |
| -- | 0000742 |
| -- | MON |
| -- | 00000000 |
| -- | 00000000 |
| -- | BMVA |
| -- | 1 |
| -- | Viana do Alentejo |
| -- | Educação. Ensino. Pedagogia |
| -- | 21 |
| -- | Livro |
| -- | 0 |
| -- | 1 |
| 990 ## - Elementos KOHA | |
| Tipo de documento | Livro |
| Situação do levantamento | Estado | Biblioteca de origem | Biblioteca de empréstimo | Código de barras | Cota | Permissão de empréstimo | Tipo de documento | Nota relativa ao exemplar |
|---|---|---|---|---|---|---|---|---|
| Completo | Biblioteca Municipal de Viana Do Alentejo | Biblioteca Municipal de Viana Do Alentejo | 0000745 | 159.9 MON | Disponível | Livro | Em depósito caixa 37 VNT |